Guess BFDI Characters; 10 Worded Sentence - Statistics

General Stats
  • This quiz has been taken 283 times
  • The average score is 46 of 66
Answer Stats
Hint Answer % Correct
Best Friends With Pin, Used To Slap Firey A Lot Coiny
82%
Slaps People When Called A Certain Name Needle
82%
Hates Everything, A Death P.A.C.T Member Fanny
80%
Best Friends With Grassy And Thinks He's Strong Snowball
80%
Freesmart Member, Formally Known As A Dictionary Book
79%
Known As A Nerd, Also Known As A Bossy Bot Golf Ball
79%
Iconic For Stealing Dream Island Leafy
79%
The Only Robot Version Of Another Contestant Robot Flower
79%
Claims He Doesn't Have A Favourite Number 8-Ball
78%
Likes Pulling Pranks, Sometimes Hurting Other Contestants Blocky
78%
Speaks With A Yoyle Accent, A Freesmarter Bubble
78%
Known As The Fat One, He's Best Friends With Rocky Spongy
78%
Mentions Her Catchphrase "I Nailed It!" A Lot Naily
77%
Number One Fan Of Ice Cube, Raspy Voice Bracelety
76%
The Only Small Version Of Another Contestant Firey. Jr
76%
One Of The Lightest Contestants, Made Of Paper Foldy
76%
Known As A Celebrity Until He Lied Loser
76%
A Popular Character Whose Best Friends With Eraser And Blocky Pen
76%
First Elimination Of TPOT, Death P.A.C.T Member Pie
76%
Needs Batteries To Function, A Death P.A.C.T Member Remote
76%
Her Gimmick Is She Can Never Talk Teardrop
76%
She Has A String That Reachs Into Another Area Bell
75%
Really Likes Bananas And Is Best Friends With Naily Bomby
75%
Winner Of Season 4, Antagonist Of Season 1 Flower
75%
Speaks In Morse Code Roboty
75%
Known To Puke Quite A Lot Rocky
75%
Death P.A.C.T Member, An Interstellar Being Black Hole
74%
Speaks In Sped Up Google Translate Spanish Dora
74%
First Elimination Of BFB And Is Scared Of Four Pencil
74%
Left Behind By Loser, Is Blue Winner
74%
Has Panophobia, Fear Of Absolutely Everything Woody
74%
Currently Has Rainbow Hair, Really Cares About It Match
73%
The Only Male Victor Of A Season Firey
72%
Dies A Lot Due To The Fact She Melts Ice Cube
72%
Used To Be A Chef With Four And X (TPOT) Clock
71%
A Collector, Loves To Stash Things In His Collection Cloudy
71%
Sings In Autotune, Used To Be Popular In BFDIA Puffball
71%
Inhaled 8-Balls Fumes And Yells "Eight" A Lot Saw
71%
A Smart Character Who Is Greenish Yellow And White Tennis Ball
71%
A Joke Character, A Poorly Drawn Face Yellow Face
71%
The Only Contestant To Ever Reject Ones Deal Donut
70%
Twos Best Friend, Offers Moral Support A Lot Gaty
70%
Known To Be Goofy, Likes To Toss Dirt Marker
70%
Doesn't Speak Much, Usually Talks In Images TV
70%
Always Begs To Join The Game, A Freesmart Member Ruby
69%
Best Friends With Donut, Cause A Zombie Apocolyspe Barf Bag
68%
Turned Robot Flower Into The Season 1 Version Basketball
68%
Debuter In Season 1 David
68%
Second Place In BFB, Eliminated Early In BFDIA Gelatin
68%
Cares About Her Research, Likes Killing Things Pillow
68%
Can Be Controlled From The Inside, Usually By Grassy Tree
68%
Known As The Hide And Seek Master Bottle
67%
Early Elimination Of BFB, Came Back In TPOT, Helps Pen Liy
67%
Talks In Text, Non-Binary Contestant Who Debuted In TPOT Price Tag
65%
He Was The First Elimination In Post-Split BFB Balloony
63%
Placed 5th In S4 (No Profily) Lollipop
63%
No Arms, Placed 39th In TPOT, White And Yellow Eggy
61%
He's Shy And Relies On Loser Most Of The Time Cake
60%
No Arms And Also Participates In Another Object Show Nickel
60%
Claims That He's ______, He's Also Green Grassy
56%
Tells Gelatin To Stop Eating His Innards Fries
54%
21st Place In TPOT, No Limbs In BFDIA Pin
54%
Formally Was Misunderstood, Mainly By Book And Ice Cube Taco
50%
His Instincts Caused His Elimination, He Likes Playing Games Stapy
47%
Unleashed One Upon The World Of TPOT Lightning
46%
Likes Having An Arch Nemesis Eraser
45%
No matching quizzes found
Score Distribution
Percent of People with Each Score
Percentile by Number Answered
Your Score History
You have not taken this quiz